Such men as Billy the Kid : the Lincoln County war reconsidered /

Bibliographic Details
Main Author: Jacobsen, Joel, 1959-
Format: Book
Language:English
Published: Lincoln : University of Nebraska Press, [1994]
Subjects:

MARC

Tag First Indicator Second Indicator Subfields
LEADER 00000cam a2200000 a 4500
001 in00001219607
005 20151002095736.0
008 931110s1994 nbuabf b s001 0 eng
010 |a  93042105  
020 |a 0803225768 (alk. paper) :  |c $28.00 
035 |a (OCoLC)29429457 
035 |9 AGQ8995AM 
040 |a DLC  |c DLC  |d NBL  |d TXA  |d UtOrBLW 
043 |a n-us-nm 
049 |a TXAM 
050 0 0 |a F802.L7  |b J33 1994 
082 0 0 |a 978.9/64  |2 20 
100 1 |a Jacobsen, Joel,  |d 1959- 
245 1 0 |a Such men as Billy the Kid :  |b the Lincoln County war reconsidered /  |c Joel Jacobsen. 
264 1 |a Lincoln :  |b University of Nebraska Press,  |c [1994] 
264 4 |c ©1994 
300 |a xv, 300 pages, 22 unnumbered pages of plates :  |b illustrations, maps ;  |c 24 cm. 
336 |a text  |b txt  |2 rdacontent 
337 |a unmediated  |b n  |2 rdamedia 
338 |a volume  |b nc  |2 rdacarrier 
504 |a Includes bibliographical references (pages [237]-290) and index. 
651 0 |a Lincoln County (N.M.)  |x History. 
600 0 0 |a Billy,  |c the Kid. 
650 0 |a Frontier and pioneer life  |z New Mexico  |z Lincoln County. 
999 |a MARS 
999 f f |s 4e9a1834-cd4b-320c-8d14-f53a22364454  |i 46628203-accf-345c-a756-c9a3df0ade22  |t 0 
952 f f |p ric  |a Texas A&M University  |b Rellis Campus  |c Joint Library Facility  |d Remote Storage  |t 0  |e F802.L7 J33 1994  |h Library of Congress classification  |i unmediated -- volume  |m A14818897191 
998 f f |a F802.L7 J33 1994  |t 0  |l Remote Storage